000 00257nam a2200085Ia 4500
245 0 _aWire-wrapped and beaded jewelry
100 _a Barrick, J. Devlin Mechanicsburg, PA, 2009 1st ed
_985948
942 _cBK
008 210817s9999 xx 000 0 und d
999 _c324174
_d324173